000 00591nam a2200265Ia 4500
005 20260306163926.0
008 008 260114s9999 xx 000 0 eng d
020 _a9780813039558
037 _aEBOOK
040 _aCRL
040 _beng
040 _cCRL
041 _2eng
041 _aeng
084 _qCRL
100 _aRyan
245 0 _aInter-arab Alliances
260 _bUniversity Press of Florida
260 _c2011
650 _aSocial Work
856 _uhttps://academic.oup.com/book/28948
942 _cEBOOK
999 _c1712040
_d1712040